La revolución demográfica mundial / (Record no. 3287)

000 -CABECERA
fixed length control field 01061nam a22002537a 4500
003 - IDENTIFICADOR DEL NÚMERO DE CONTROL
control field AR-CdUCM
008 - DATOS DE LONGITUD FIJA--INFORMACIÓN GENERAL
fixed length control field 190306b ||||| |||| 00| 0 spa d
040 ## - FUENTE DE LA CATALOGACIÓN
Agencia/entidad que catalogó originalmente la obra MUNICIPALIDAD PROVINCIAL DEL CUSCO
Entidad que transcribió la catalogación BIBLIOTECA MUNICIPAL DEL CUSCO
082 ## - NÚMERO DE LA CLASIFICACIÓN DECIMAL DEWEY
No. de Clasificación 312 /
Notacion interna F83
100 ## - ENTRADA PRINCIPAL--NOMBRE DE PERSONA
Nombre Personal Freedmann, Ronal
245 ## - MENCIÓN DE TÍTULO
Título La revolución demográfica mundial /
260 ## - PUBLICACIÓN, DISTRIBUCIÓN, ETC.
Lugar de publicación, distribución, etc. Barcelona :
Nombre de la editorial, distribuidor, etc. UTEHA,
Fecha de publicación, distribución, etc. 1966.
300 ## - DESCRIPCIÓN FÍSICA
Nº de Páginas Extensión 358 páginas ;
Dimensiones 18 cm.
440 ## - MENCIÓN DE SERIE/PUNTO DE ACCESO ADICIONAL--TÍTULO
Título Manuales UTEHA.
Número de la parte/sección de una obra 329/329a
9 (RLIN) 10941
440 ## - MENCIÓN DE SERIE/PUNTO DE ACCESO ADICIONAL--TÍTULO
Título Ciencias sociales.
Número de la parte/sección de una obra Sección 14
9 (RLIN) 10942
505 ## - NOTA DE CONTENIDO CON FORMATO
Nota de contenido formateada Contenido: La población mundial: cursos recientes y perspectivas -- La transición demográfica: de altos a bajos índices de natalidad y mortalidad -- Cómo envejece o rejuvenece una población -- Crecimiento económico y demográfico -- Concentración urbana mundial: tendencias y probabilidades ...
650 ## - PUNTO DE ACCESO ADICIONAL DE MATERIA--TÉRMINO DE MATERIA
Descriptor Demográfia
9 (RLIN) 1556
650 ## - PUNTO DE ACCESO ADICIONAL DE MATERIA--TÉRMINO DE MATERIA
Descriptor Indices-tasas
9 (RLIN) 10943
650 ## - PUNTO DE ACCESO ADICIONAL DE MATERIA--TÉRMINO DE MATERIA
Descriptor Población
9 (RLIN) 3673
700 ## - PUNTO DE ACCESO ADICIONAL--NOMBRE DE PERSONA
Nombre Personal Arrangoiz, Ronald (traductor)
9 (RLIN) 10944
942 ## - ELEMENTOS DE PUNTO DE ACCESO ADICIONAL (KOHA)
Fuente de clasificación
Tipo de item Libros-BMC
945 ## - PROCESAMIENTO DE INFORMACIÓN LOCAL (OCLC)
Catalogador zta
Holdings
Estado de retiro (separado) Fuente de clasificación o esquema de estanterías Estado dañado Ubicación Sala donde se ubica Nombre de la colección Fecha de adquisición o compra Costo, precio normal en soles Signatura topográfica Código de Barras Última vez visto (Koha) Tipo de ítem (Koha) Número de Ejemplar
No     Sala Humanidades Sala Humanidades Book Cart 2019-03-06 20.00 312 / F83 SH0000003746 2019-03-06 Libros-BMC  
No     Sala Humanidades Sala Humanidades Book Cart 2019-03-06 20.00 312 / F83 / e.2 SH0000008483 2019-03-21 Libros-BMC 2ej.

Powered by Koha